000 00274nam a2200109Ia 4500
008 230206s9999 xx 000 0 und d
022 _a0972-0650
041 _aeng
100 _aAgarwala R G, Ed.
_9119224
245 _aPR Communication Age
260 _bRuby Enterprise
_aKolkata
999 _c97675
_d97675